000 00251nam a22000977a 4500
100 _aSerier, J.B.
245 _aLe caoutchouc 'rouge'
260 _aFrance
_bInstitut de Recherches sur le Caoutchouc (IRCA)
_c1988
300 _a107-109,170-172
942 _cRE
999 _c75401
_d75401